Central Library OPAC University of Rajshahi

Worlds beyond the horizon / (Record no. 69199)

MARC details
000 -LEADER
fixed length control field 00820nam a2200253 a 4500
001 - CONTROL NUMBER
control field 69199
003 - CONTROL NUMBER IDENTIFIER
rucl marc code BD-RjUL
005 - DATE AND TIME OF LATEST TRANSACTION
control field 20211209081847.0
008 - FIXED-LENGTH DATA ELEMENTS--GENERAL INFORMATION
fixed length control field 170410s1955 enkabch b 001 0 eng
035 ## - SYSTEM CONTROL NUMBER
System control number (BD-RjUL)69410
040 ## - CATALOGING SOURCE
Original cataloging agency DLC
Transcribing agency ODaWU
Modifying agency BD-RjUL
Language of cataloging eng
041 1# - LANGUAGE CODE
Language code of text/sound track or separate title eng
Language code of original ger
082 ## - DEWEY DECIMAL CLASSIFICATION NUMBER
Edition number 23
Classification number 910.41
Author mark and year LEW 1956
100 1# - MAIN ENTRY--PERSONAL NAME
Personal name Leithäuser, Joachim G.
9 (RLIN) 205020
245 10 - TITLE STATEMENT
Title Worlds beyond the horizon /
Statement of responsibility, etc. Joachim G.Leithäuser and translated by Hugh Merrick
260 ## - PUBLICATION, DISTRIBUTION, ETC. (IMPRINT)
Place of publication, distribution, etc. London :
Name of publisher, distributor, etc. George allen and unwin ltd.,
Date of publication, distribution, etc. 1956.
300 ## - PHYSICAL DESCRIPTION
Pagination 371 p. :
Illustrations ill. ;
Size 23 cm.
504 ## - BIBLIOGRAPHY, ETC. NOTE
Bibliography, etc Includes index and bibliographical references.
650 #0 - SUBJECT ADDED ENTRY--TOPICAL TERM
Topical term or geographic name as entry element Trips around the world
9 (RLIN) 205021
Topical term or geographic name as entry element Discoveries in geography.
9 (RLIN) 128906
700 1# - ADDED ENTRY--PERSONAL NAME
Personal name Merrick, Hugh,
Dates associated with a name 1898-1980.
942 ## - ADDED ENTRY ELEMENTS (KOHA)
Source of classification or shelving scheme Dewey Decimal Classification
Koha item type Books
Holdings
Lost status Source of classification or shelving scheme Damaged status Not for loan Collection code Permanent Location Current Location Shelving location Date acquired Source of acquisition Cost, normal purchase price Total Checkouts Full call number Date last seen Copy number Koha item type
  Dewey Decimal Classification   Not For Loan Non-fiction Central Library, University of Rajshahi Central Library, University of Rajshahi Reading Room 14/01/1958 B.H. Black well 20.00   910.41 LEW 1956 10/04/2017 C-1 Books